01496nam a2200433 i 45000010005000000030009000050050017000140080039000310150018000700350023000880350036001110350014001470350021001610350023001820350044002050400028002490460009002770800010002860800016002961000025003122450095003372500014004322600046004463000036004923360027005283370054005553380028006093800016006373880014006533880014006674900064006815040022007456500025007676550055007926580028008477000040008758300050009158560097009656745KOSZ 00520201217081335.0970620s1994 pl a f f |000 0 pol aUWD 1995/1445 a991000267089705066 a(PL-WaBN)b10114841-48omnis_nlop ab10114841 a(OCoLC)833966937 a(PL)b0000001011484 a(EXLNZ-48OMNIS_NETWORK)9910327338905606 aWA NcWA NdKOSZ 005/HR k1979 a621.3 a(075.8+076)1 aGierczak, EwaeAutor10aZbiór zadań z elektrotechniki teoretycznej.nCz. 1 /cEwa Gierczak, Jerzy Suchański. a[Wyd. 4]. aKielce :bPŚ. Dział Wydawnictw,c1994. a325 s. :brys., wykr. ;c24 cm. aTekstbtxt2rdacontent aBez urządzenia pośredniczącegobn2rdamedia aWoluminbnc2rdacarrier aKsiążki a1901-2000 a1989-20001 aSkrypty / Politechnika Świętokrzyska,x0239-6386 ;v259 aBibliogr. s. 324. 7aElektrotechnika2DBN 7aĆwiczenia i zadania dla szkół wyższych2DBN aInżynieria i technika1 aSuchański, Jerzyd(1949- )eAutor 0aSkrypty - Politechnika Świętokrzyskav259 uhttp://koha.tu.koszalin.pl/cgi-bin/koha/opac-detail.pl?biblionumber=6745yKatalog online BPK